Ejercicios perceptivo-motores de orientación espacial I: nivel preescolar
保存先:
| 第一著者: | |
|---|---|
| フォーマット: | 図書 |
| 言語: | スペイン語 |
| 出版事項: |
Madrid
CEPE
1984
|
| 版: | 2a. ed |
| シリーズ: | Colección cuadernos de recuperación, 11
|
| 主題: | |
| タグ: |
タグ追加
タグなし, このレコードへの初めてのタグを付けませんか!
|
MARC
| LEADER | 00000nam a2200000 a 4500 | ||
|---|---|---|---|
| 001 | UCY8996 | ||
| 003 | CL-VaPUC | ||
| 008 | 950707e19840000SP |||||||||||||||||spa|d | ||
| 082 | 0 | 4 | |a 152.3 |b TOR |2 21 |
| 100 | 0 | |a Torre Alcalá, Antonio de la |e author |9 340943 | |
| 245 | 1 | 0 | |a Ejercicios perceptivo-motores de orientación espacial I: nivel preescolar |
| 250 | |a 2a. ed | ||
| 300 | |a 96 p | ||
| 942 | |c BK | ||
| 945 | |d 19950707 00:00:00 |a cmena | ||
| 260 | |a Madrid |b CEPE |c 1984 | ||
| 650 | 7 | |a EDUCACION PSICOMOTRIZ |2 CL-VaPUC |9 307559 | |
| 650 | 7 | |a PSICOMOTRICIDAD |2 CL-VaPUC |9 241072 | |
| 650 | 0 | |a Niños de edad preescolar |9 335607 | |
| 650 | 0 | |a Apresto escolar |9 310245 | |
| 650 | 0 | |a Métodos de enseñanza |9 270413 | |
| 583 | |a last modification |c 19950707 00:00:00 |k Rodrigo Vera | ||
| 490 | 0 | |a Colección cuadernos de recuperación, 11 | |
| 999 | |c 236172 |d 236170 | ||
| 952 | |0 0 |1 0 |4 0 |6 152_300000000000000_TOR_1984 |7 0 |8 P |9 244062 |a BIBEDU |b BIBEDU |c BIBEDU_PB |d 2019-11-18 |i 1529765 |o 152.3 TOR 1984 |p 1529765 |r 2024-01-25 |w 2019-11-18 |y BK |k EDU | ||